Khơi dòng lí thuyết

Tuyển tập các bài viết lí luận văn học về một số vấn đề cụ thể của văn học, thể loại, tư duy thẩm mỹ trong văn học phương Đông, Phương Tây, văn học so sánh, về một số tác phẩm và tác giả. Vấn đề phê bình văn học

Đã lưu trong:
書目詳細資料
主要作者: Phương Lựu (Tác giả)
格式: 圖書
語言:Vietnamese
出版: H. Nxb. Hội nhà văn 1997
主題:
標簽: 添加標簽
沒有標簽, 成為第一個標記此記錄!
Thư viện lưu trữ: Mạng thư viện Đại học Đà Nẵng
LEADER 01427nam a22003858a 4500
001 000014213
003 10572
005 20120423100406.0
008 120423s1997 b 000 0 od
020 |d 600b 
041 0 |a 9805 
041 0 |a vie 
080 |a 801 
082 |a 801  |b PH-L 
084 |a V400  |b KH462D 
100 1 |a Phương Lựu  |e Tác giả 
245 1 0 |a Khơi dòng lí thuyết  |c Phương Lựu 
260 |a H.  |b Nxb. Hội nhà văn  |c 1997 
300 |a 320tr  |c 21cm 
520 |a Tuyển tập các bài viết lí luận văn học về một số vấn đề cụ thể của văn học, thể loại, tư duy thẩm mỹ trong văn học phương Đông, Phương Tây, văn học so sánh, về một số tác phẩm và tác giả. Vấn đề phê bình văn học 
653 |a văn học so sánh 
653 |a lí luận văn học 
653 |a văn học phương Đông 
653 |a thẩm mĩ 
653 |a văn học phương Tây 
OWN |a LSP 
AVA |a UDN50  |b LSP  |d 801 PH-L  |e available  |t Error 5001 Not defined in file expand_doc_bib_avail.  |f 1  |g 0  |h N  |i 0  |k 1 
999 |a From the UDN01 
AVA |a UDN50  |b LSP  |d 801 PH-L  |e available  |t Error 5001 Not defined in file expand_doc_bib_avail.  |f 1  |g 0  |h N  |i 0  |k 1 
TYP |a Monograph 
TYP |a Printed language 
980 |a Mạng thư viện Đại học Đà Nẵng